Reliez 100 personnages à la bonne série TV US - Statistiques

Statistiques générales
  • Ce quiz a été pris 84 fois
  • Le résultat moyen est 38 sur 100
Statistiques - réponses
Hint Réponse % Correct
Buffy Summers Buffy contre les vampires
74%
Nathan Royal Scott Les Frères Scott
74%
Dan Scott Les Frères Scott
71%
Lucas Eugene Scott Les Frères Scott
70%
Phoebe Halliwell Charmed
68%
Piper Halliwell Charmed
64%
Christopher « Chris » Perry Halliwell Charmed
64%
Angel Buffy contre les vampires
63%
Dawson Leery Dawson
63%
Peyton Elizabeth Sawyer Les Frères Scott
63%
Prudence « Prue » Halliwell Charmed
62%
Brandon Walsh Beverly Hills 90210
60%
Brooke Penelope Davis Les Frères Scott
60%
Brenda Walsh Beverly Hills 90210
59%
Dylan McKay Beverly Hills 90210
55%
Donna Martin Beverly Hills 90210
55%
Haley Bob James Les Frères Scott
55%
Hiro Nakamura Heroes
52%
Kelly Taylor Beverly Hills 90210
51%
Leonardo « Leo » Wyatt Charmed
49%
Willow Rosenberg Buffy contre les vampires
48%
Spike Buffy contre les vampires
48%
Cole Turner Charmed
48%
Josephine « Joey » Potter Dawson
48%
Marvin « Micro » McFadden Les Frères Scott
48%
Sandy Cohen Newport Beach
48%
David Silver Beverly Hills 90210
47%
Paige Matthews Charmed
47%
Pacey Witter Dawson
45%
Seth Cohen Newport Beach
45%
Jim Hopper Stranger Things
45%
Nancy Wheeler Stranger Things
45%
Jonathan Byers Stranger Things
45%
Andrea Zuckerman Beverly Hills 90210
44%
Antwon « Skills » Taylor Les Frères Scott
44%
Marissa Cooper Newport Beach
44%
Jane Hopper Stranger Things
44%
Steve Sanders Beverly Hills 90210
42%
Cordelia Chase Buffy contre les vampires
42%
Michael « Mike » Wheeler Stranger Things
42%
Dustin Henderson Stranger Things
42%
Dawn Summers Buffy contre les vampires
41%
James "Sawyer" Ford Lost : Les Disparus
41%
Maxine « Max » Mayfield Stranger Things
41%
Kirsten Cohen Newport Beach
40%
Joyce Byers Stranger Things
40%
Steve Harrington Stranger Things
40%
Karen Roe Les Frères Scott
38%
John Locke Lost : Les Disparus
37%
Summer Roberts Newport Beach
37%
Valerie Malone Beverly Hills 90210
36%
Ando Masahashi Heroes
34%
Julian Baker Les Frères Scott
34%
Rupert Giles Buffy contre les vampires
33%
Gail Leery Dawson
33%
Bessie Potter Dawson
33%
Brian « Whitey » Durham Les Frères Scott
33%
Hugo "Hurley" Reyes Lost : Les Disparus
33%
Sun-Hwa Kwon Lost : Les Disparus
33%
Daniel « Oz » Osbourne Buffy contre les vampires
32%
Peter Petrelli Heroes
32%
Jin-Soo Kwon Lost : Les Disparus
32%
Ryan Atwood Newport Beach
32%
Karen Wheeler Stranger Things
32%
Andrew « Andy » Trudeau Charmed
30%
Claire Bennet Heroes
30%
Nathan Petrelli Heroes
30%
Jack Shephard Lost : Les Disparus
30%
Sayid Jarrah Lost : Les Disparus
29%
Darryl Morris Charmed
27%
Mitch Leery Dawson
27%
Noé Bennet Heroes
27%
Julie Copper-Nichol Newport Beach
27%
Lucas Sinclair Stranger Things
27%
Nat Bussichio Beverly Hills 90210
26%
Andrea « Andie » McPhee Dawson
26%
Gabriel « Sylar » Gray Heroes
26%
Caleb Nichol Newport Beach
26%
Jennifer « Jen » Lindley Dawson
25%
Mohinder Suresh Heroes
25%
Angela Petrelli Heroes
25%
Riley Finn Buffy contre les vampires
23%
Anya Jenkins Buffy contre les vampires
23%
Jack McPhee Dawson
23%
Charlie Pace Lost : Les Disparus
23%
Audrey Liddell Dawson
22%
Kate Austen Lost : Les Disparus
21%
Jimmy Cooper Newport Beach
21%
Clare Arnold Beverly Hills 90210
19%
Alexander Harris Buffy contre les vampires
19%
Sacha Thanfeu L'Intrus
19%
Claire Littleton Lost : Les Disparus
19%
Matt Parkman Heroes
18%
Taylor Townsend Newport Beach
18%
Billie Jenkins Charmed
14%
Luke Ward Newport Beach
12%
Evelyn « Grams » Ryan Dawson
11%
Dan Gordon Charmed
10%
Niki Sanders Heroes
8%
Shannon Rutherford Lost : Les Disparus
8%
Aucun quiz correspondant
Distribution des résultats
% des personnes avec chaque résultat
Percentile par nombre de réponses
Votre historique - résultats
Vous n’avez pas pris ce quiz